00206nam a2200085 4500082001600000100001700016245003200033260004300065300001200108 a650.1422SKE aSkeats, Judy aHow to Scceed in Interviews aNew Delhi:bCompetition Review,c1997. a125p. ;